Квиз о Тихом океану - Statistics

General Stats
  • This quiz has been taken 48 times
  • The average score is 9 of 20
Answer Stats
Питање Одговор % Correct
Други назив за Тихи океан Пацифик
100%
Најдубљи део светских океан {Маријански} ров
73%
Три главна региона Океаније који се завршавају на „незија“ {Поли}незија
68%
Три главна региона Океаније који се завршавају на „незија“ {Микро}незија
63%
Највећи град који се налази на делти реке Јангце Шангај
61%
Мореуз између Евроазије и Америке {Берингов} мореуз
61%
Највећи руски град на Тихом океану Владивосток
54%
Острво, такође познато као Рапа Нуи, познато по статуама џиновских глава Ускршње острво
54%
Појас вулкана који окружује Тихи океан {Ватрени} појас
51%
Море, названо по холандском истраживачу, које раздваја Нови Зеланд и Аустралију {Тасманово} море
51%
Држава којој припада то острво Чиле
46%
Три главна региона Океаније који се завршавају на „незија“ {Мела}незија
37%
Велико мексичко полуострво које додирује Тихи океан {Доња} Калифорнија
34%
Најмања држава која додирује Тихи океан Науру
32%
Хавајски вулкан који је највиша планина на свету мерено од подножја на океанском дну Мауна Кеа
32%
Највеће острво које додирује Тихи океан (не рачунајући Аустралију) Нова Гвинеја
24%
Највеће острво Француске Полинезије Тахити
24%
Јапанско острво на којем се одиграла највећа поморско-копнено-ваздушна битка током Другог светског рата Окинава
22%
Аљаски архипелаг који се простире на преко 1900 километара {Алеутска} острва
5%
Линија на отприлике 180° географске дужине која би се могла сматрати супротном од Гриничког меридијана Међународна датумска граница
2%
No matching quizzes found
Score Distribution
Percent of People with Each Score
Percentile by Number Answered
Your Score History
You have not taken this quiz